00661nam a2200241 a 4500001001300000003000900013005001700022008004100039020001000080082001300090100002000103245003000123260002900153300000900182500003500191505001000226650001900236700002000255902000800275942000700283952011400290999001500404nice12345678IN_TiNIC20260116012245.0050524s1954 lona grp 000 0 eng  ac10000a270bCHI aChirgwin A, M,  aBible in World Evangelism aLondonbScm Press c1954 a166p aincludes index and biblioraphy2 aIndex aChurch-History1 aChirgwin A, M,  bSRS cBK 001040708StackRoom-aHMIbHMId2007-07-16g100.00l0o270 CHIp012734r2007-07-16v100.00w2005-05-24yBK c6272d6272